Т. 22 : Топохимические аспекты субстратной специфичности рибонуклеаз; Биологическая химия

Manylion Llyfryddiaeth
Parent link:Биологическая химия/ Академия наук СССР (АН СССР), Всесоюзный институт научной и технической информации (ВИНИТИ). Т. 22 : Топохимические аспекты субстратной специфичности рибонуклеаз.— , 1966-
Prif Awdur: Карпейский М. Я.
Awduron Eraill: Яковлев Г. И.
Iaith:Rwseg
Cyhoeddwyd: 1986
Pynciau:
Fformat: Llyfr
KOHA link:https://koha.lib.tpu.ru/cgi-bin/koha/opac-detail.pl?biblionumber=281206

MARC

LEADER 00000nam2a2200000 4500
001 281206
005 20231101235400.0
035 |a (RuTPU)RU\TPU\book\304866 
035 |a RU\TPU\book\277535 
090 |a 281206 
100 |a 20150120d1986 k y0rusy50 ca 
101 0 |a rus 
102 |a RU 
105 |a a z 001zy 
200 0 |a Т. 22 : Топохимические аспекты субстратной специфичности рибонуклеаз  |f М. Я. Карпейский, Г. И. Яковлев 
210 |d 1986 
215 |a 178 с.  |c ил. 
320 |a Библиография: с. 170-175 
461 1 |0 (RuTPU)RU\TPU\book\253840  |t Биологическая химия  |f Академия наук СССР (АН СССР), Всесоюзный институт научной и технической информации (ВИНИТИ)  |v Т. 22 : Топохимические аспекты субстратной специфичности рибонуклеаз  |d 1966-   |s Биологическая химия 
606 1 |a Биохимия  |2 stltpush  |3 (RuTPU)RU\TPU\subj\68098  |9 83635 
610 1 |a рибонуклеазы 
610 1 |a субстратная специфичность 
610 1 |a топохимия 
610 1 |a расщепление 
610 1 |a ферменты 
610 1 |a комплексы 
610 1 |a строение 
610 1 |a исследования 
675 |a 577.1  |v 3 
700 1 |a Карпейский  |b М. Я. 
701 1 |a Яковлев  |b Г. И. 
801 1 |a RU  |b 63413507  |c 20110905 
801 2 |a RU  |b 63413507  |c 20170621  |g RCR 
942 |c BK